000 00283 a2200133 4500
000 nam a22 7a 4500
100 _awade
110 _awade
245 _aintroduction to proteomics
250 _alatest
260 _bcell pub
_c2026
264 _bcell pub
_c2026
942 _cBK
999 _c394898
_d394898